Tác động của biến đổi khí hậu đến hệ thống thuỷ lợi và giải pháp ứng phó

Kaydedildi:
Detaylı Bibliyografya
Materyal Türü: Sách
Dil:Undetermined
Baskı/Yayın Bilgisi:  Xây dựng  2021
Konular:
Etiketler: Etiketle
Etiket eklenmemiş, İlk siz ekleyin!
Thư viện lưu trữ: Trung tâm Thư viện - Trường Đại học Công nghiệp TP. Hồ Chí Minh
LEADER 00549nam a2200133Ia 4500
001 UIH_07948
008 231011s9999 xx 000 0 und d
082 |a  627.52 
245 0 |a  Tác động của biến đổi khí hậu đến hệ thống thuỷ lợi và giải pháp ứng phó 
260 |b  Xây dựng 
260 |c  2021 
650 |a  Biến đổi khí hậu; Hệ thống thuỷ lợi;  
927 |a Sách 
980 |a Trung tâm Thư viện - Trường Đại học Công nghiệp TP. Hồ Chí Minh